Home Print Resources E-Books E-Journals IIMT Lecture Series Library Membership Form Book Recommendation Form Campus Tour Take AdmissionAbout Us Contact Us

ANALYTICAL CHEMISTRY (Record no. 49073)

000 -LEADER
fixed length control field 00402nam a22001697a 4500
003 - CONTROL NUMBER IDENTIFIER
control field OSt
005 - DATE AND TIME OF LATEST TRANSACTION
control field 20240322145305.0
008 - FIXED-LENGTH DATA ELEMENTS--GENERAL INFORMATION
fixed length control field 190923b xxu||||| |||| 00| 0 eng d
020 ## - INTERNATIONAL STANDARD BOOK NUMBER
International Standard Book Number 978-8126511136
040 ## - CATALOGING SOURCE
Transcribing agency IIMT UNIVERSITY
100 ## - MAIN ENTRY--PERSONAL NAME
Personal name GARY D. CHRISTIAN
245 ## - TITLE STATEMENT
Title ANALYTICAL CHEMISTRY
250 ## - EDITION STATEMENT
Edition statement 6TH
260 ## - PUBLICATION, DISTRIBUTION, ETC.
Place of publication, distribution, etc. NEW DELHI
Name of publisher, distributor, etc. WILEY INDIA
Date of publication, distribution, etc. 2017
300 ## - PHYSICAL DESCRIPTION
Extent 828
942 ## - ADDED ENTRY ELEMENTS (KOHA)
Source of classification or shelving scheme
Koha item type Text-Book- for 7 days
Edition 6TH
Holdings
Withdrawn status Lost status Source of classification or shelving scheme Damaged status Not for loan Home library Current library Date acquired Source of acquisition Coded location qualifier Cost, normal purchase price Inventory number Total Checkouts Full call number Barcode Date last seen Date last checked out Uniform Resource Identifier Price effective from Koha item type
          IIMT University Central Library Meerut IIMT University Central Library Meerut 09/23/2019 KIRTI PRAKASHAN BASIC SCIE 899.00 IN4979,16-09-2019 1 543.05 CHR 01-B-129299 11/07/2019 11/02/2019 Chemistry 09/23/2019 Book Bank
          IIMT University Central Library Meerut IIMT University Central Library Meerut 09/23/2019 KIRTI PRAKASHAN BASIC SCIE 899.00 IN4979,16-09-2019   543.05 CHR 01-B-129300 09/23/2019   Chemistry 09/23/2019 Reference Book
IIMT, Central Library. All Rights Reserved IIMT,UNIVERSITY © 2023
Implemented and Customised by I CLOUDE EMS
You Are OPAC Visitor No
free web counter

Powered by Koha